[Event "Parsvnath Commonwealth ch 2010"]
[Site "Nueva Delhi IND"]
[Date "2010.05.11"]
[Round "3.21"]
[White "Jaiswal, Puneet"]
[Black "Tania, Sachdev"]
[Result "0-1"]
[WhiteElo "2253"]
[BlackElo "2398"]
[PlyCount "76"]
[EventDate "2010.05.10"]
[EventType "swiss"]
[EventRounds "11"]
[EventCountry "IND"]
[Source "lmi"]
[SourceDate "2010.05.10"]

1. d4 d5 2. Nf3 Bf5 3. c4 e6 4. Qb3 Nc6 5. c5 Qc8 6. Nc3 Nf6 7. Qa4 Nd7 8. b4
a6 9. h3 Be7 10. Bf4 O-O 11. e3 Bf6 12. Rd1 a5 13. Nb5 Nxb4 14. Rd2 Bd8 15. a3
Nc6 16. Nc3 Nf6 17. Be2 Ne4 18. Nxe4 Bxe4 19. Bb5 Nb8 20. Ke2 c6 21. Bd3 Bxd3+
22. Rxd3 Bc7 23. Rb1 Nd7 24. Qc2 f6 25. Rdb3 e5 26. Bg3 Rb8 27. Qb2 exd4 28.
exd4 b5 29. cxb6 Qa6+ 30. Kd1 Bxg3 31. fxg3 a4 32. Rb4 Qf1+ 33. Ne1 Rfe8 34.
Qd2 Re4 35. b7 Rbe8 36. b8=Q Nxb8 37. Rxb8 Rxe1+ 38. Kc2 Qc4+ 0-1

[Event "Parsvnath Commonwealth ch 2010"]
[Site "Nueva Delhi IND"]
[Date "2010.05.11"]
[Round "3.22"]
[White "Rathnakaran, K."]
[Black "Das, Sayantan"]
[Result "1-0"]
[WhiteElo "2397"]
[BlackElo "2250"]
[PlyCount "93"]
[EventDate "2010.05.10"]
[EventType "swiss"]
[EventRounds "11"]
[EventCountry "IND"]
[Source "lmi"]
[SourceDate "2010.05.10"]

1. e4 e5 2. Nf3 Nc6 3. Bc4 Nf6 4. d3 Be7 5. O-O O-O 6. a4 d6 7. h3 h6 8. Nc3
Be6 9. Bxe6 fxe6 10. d4 Qe8 11. dxe5 dxe5 12. Be3 a6 13. Qe2 Nh5 14. Rad1 Nf4
15. Bxf4 Rxf4 16. Qe3 Qf8 17. Ne2 Rf6 18. c3 Bc5 19. Qd3 Bb6 20. b4 Rd8 21. Qc4
Rd6 22. Rxd6 Qxd6 23. Ng3 Ne7 24. a5 Ba7 25. b5 Ng6 26. b6 cxb6 27. Qc8+ Qf8
28. Qxb7 Rf7 29. Qxa6 bxa5 30. Qxe6 Nf4 31. Qc4 Kh7 32. Nf5 Bb8 33. Rb1 Ba7 34.
Rb5 Rd7 35. Qc6 Rd1+ 36. Kh2 Bxf2 37. Rb7 Kh8 38. Rxg7 Qxg7 39. Nxg7 Kxg7 40.
Qc7+ Kg8 41. Nxe5 Bg1+ 42. Kg3 Nh5+ 43. Kh4 Ng7 44. Qf7+ Kh7 45. Ng4 h5 46.
Nf6+ Kh6 47. Nxh5 1-0

[Event "Parsvnath Commonwealth ch 2010"]
[Site "Nueva Delhi IND"]
[Date "2010.05.11"]
[Round "3.23"]
[White "Mohammad, Javed"]
[Black "Swayams, Mishra"]
[Result "1/2-1/2"]
[WhiteElo "2246"]
[BlackElo "2397"]
[PlyCount "94"]
[EventDate "2010.05.10"]
[EventType "swiss"]
[EventRounds "11"]
[EventCountry "IND"]
[Source "lmi"]
[SourceDate "2010.05.10"]

1. e4 e5 2. Nf3 Nc6 3. Bb5 a6 4. Ba4 Nf6 5. O-O Be7 6. Re1 b5 7. Bb3 O-O 8. d4
d6 9. c3 Bg4 10. Be3 Bh5 11. h3 exd4 12. cxd4 Na5 13. Bc2 Nc4 14. Bc1 c5 15. b3
Nb6 16. d5 Nfd7 17. Bb2 Bf6 18. Bxf6 Qxf6 19. Nbd2 Ne5 20. g4 Bg6 21. Nxe5 dxe5
22. a4 Rfb8 23. axb5 axb5 24. Rxa8 Nxa8 25. Bd3 Nc7 26. Qe2 Qa6 27. Nf3 f6 28.
Nh4 Qb6 29. Rc1 Na6 30. Qe3 Qd6 31. Qe2 Qb6 32. Qe3 Qd6 33. Qe2 Qd7 34. Qd2 Qd8
35. Nf5 Bxf5 36. gxf5 Kf8 37. Be2 Qb6 38. Qe3 Rc8 39. Qd3 c4 40. bxc4 Nc5 41.
cxb5 Nxd3 42. Rxc8+ Ke7 43. Bxd3 Qd4 44. Bc2 Qb4 45. Bd3 Qd4 46. Bc2 Qb4 47.
Bd3 Qd4 1/2-1/2

[Event "Parsvnath Commonwealth ch 2010"]
[Site "Nueva Delhi IND"]
[Date "2010.05.11"]
[Round "3.24"]
[White "Narayanan, Srinath"]
[Black "Ramakrishna, J."]
[Result "1-0"]
[WhiteElo "2393"]
[BlackElo "2246"]
[PlyCount "69"]
[EventDate "2010.05.10"]
[EventType "swiss"]
[EventRounds "11"]
[EventCountry "IND"]
[Source "lmi"]
[SourceDate "2010.05.10"]

1. e4 c5 2. Nf3 Nc6 3. d4 cxd4 4. Nxd4 Qb6 5. Nb3 Nf6 6. Nc3 e6 7. Be3 Qc7 8.
a3 a6 9. f4 d6 10. g4 b5 11. g5 Nd7 12. h4 Bb7 13. Qd2 Nc5 14. Bg2 Nxb3 15.
cxb3 Na5 16. Qd1 Be7 17. Rc1 Qd7 18. O-O h6 19. Qg4 hxg5 20. fxg5 Nxb3 21. Rc2
g6 22. Rcf2 Rh7 23. Bb6 Rc8 24. h5 Rc4 25. Ne2 Nd2 26. hxg6 fxg6 27. b3 Nxf1
28. bxc4 Nh2 29. Qg3 Qc6 30. Be3 Qxc4 31. Bh3 Qxe4 32. Rxh2 Rf7 33. Bg2 Qd3 34.
Bf2 Bxg2 35. Qxd3 1-0

[Event "Parsvnath Commonwealth ch 2010"]
[Site "Nueva Delhi IND"]
[Date "2010.05.11"]
[Round "3.25"]
[White "Shashaank, D.S."]
[Black "Shyam, Nikil P"]
[Result "0-1"]
[WhiteElo "2144"]
[BlackElo "2385"]
[PlyCount "66"]
[EventDate "2010.05.10"]
[EventType "swiss"]
[EventRounds "11"]
[EventCountry "IND"]
[Source "lmi"]
[SourceDate "2010.05.10"]

1. d4 Nf6 2. Nc3 d5 3. Bg5 e6 4. e4 Be7 5. Bxf6 Bxf6 6. Nf3 Nc6 7. e5 Be7 8.
Bd3 Bd7 9. Ne2 f6 10. c3 fxe5 11. dxe5 O-O 12. Qc2 h6 13. O-O-O Rb8 14. h4 b5
15. Rh3 Kh8 16. Qd2 b4 17. Bb1 bxc3 18. Nxc3 Rxf3 19. gxf3 Nxe5 20. Rg1 Qg8 21.
b3 Rf8 22. f4 Nc6 23. Bg6 Bd6 24. Rf3 Ne7 25. Ne2 Nxg6 26. Rxg6 Be8 27. Rg1 Bh5
28. Rd3 Qf7 29. f3 Bg6 30. Rd4 Qf5 31. Nc3 c5 32. Ra4 d4 33. Rxg6 Bxf4 0-1

[Event "Parsvnath Commonwealth ch 2010"]
[Site "Nueva Delhi IND"]
[Date "2010.05.11"]
[Round "3.26"]
[White "Suvrajit, Saha"]
[Black "Kathmale, Sameer"]
[Result "0-1"]
[WhiteElo "2380"]
[BlackElo "2140"]
[PlyCount "80"]
[EventDate "2010.05.10"]
[EventType "swiss"]
[EventRounds "11"]
[EventCountry "IND"]
[Source "lmi"]
[SourceDate "2010.05.10"]

1. d4 e6 2. c4 Nf6 3. Nf3 b6 4. e3 Bb7 5. Bd3 c5 6. O-O cxd4 7. Nxd4 Be7 8. Nc3
O-O 9. e4 Nc6 10. Nxc6 dxc6 11. e5 Nd7 12. f4 Nc5 13. Be2 Qe8 14. Be3 Rd8 15.
Qc2 f5 16. exf6 Bxf6 17. Rae1 Qd7 18. Rd1 Qe7 19. b4 Na6 20. a3 c5 21. b5 Nc7
22. Ne4 Bd4 23. Bxd4 cxd4 24. Ng5 g6 25. Bf3 Rxf4 26. Nh3 Bxf3 27. gxf3 Rh4 28.
Qg2 d3 29. f4 Qc5+ 30. Rf2 Qh5 31. Rf3 Rg4 32. Rdxd3 Rxg2+ 33. Kxg2 Rxd3 34.
Rxd3 Qe2+ 35. Nf2 Ne8 36. Rd8 Kf8 37. Ra8 Qxc4 38. Rxa7 Qxf4 39. Rxh7 Qg5+ 40.
Kf3 Nf6 0-1

[Event "Parsvnath Commonwealth ch 2010"]
[Site "Nueva Delhi IND"]
[Date "2010.05.11"]
[Round "3.27"]
[White "Savetha, C H."]
[Black "Shyam, Sundar M"]
[Result "0-1"]
[WhiteElo "2014"]
[BlackElo "2372"]
[PlyCount "74"]
[EventDate "2010.05.10"]
[EventType "swiss"]
[EventRounds "11"]
[EventCountry "IND"]
[Source "lmi"]
[SourceDate "2010.05.10"]

1. e4 e5 2. Nf3 Nc6 3. d4 exd4 4. Nxd4 Qf6 5. Nxc6 Bc5 6. Qf3 bxc6 7. Be2 d6 8.
Nd2 Qg6 9. Qg3 Ne7 10. Qxg6 Nxg6 11. Nb3 Bb6 12. Bd2 O-O 13. O-O f5 14. exf5
Bxf5 15. c3 Rab8 16. Kh1 Rbe8 17. Nc1 d5 18. c4 Ne5 19. cxd5 cxd5 20. h3 Bg6
21. f4 Nc4 22. Bxc4 dxc4 23. a4 Bd4 24. Bc3 Bxc3 25. bxc3 Re3 26. Na2 a5 27.
Rf2 Be4 28. Kh2 g5 29. g3 gxf4 30. gxf4 Kf7 31. Rg1 Rd8 32. Rg3 Rdd3 33. Rxe3
Rxe3 34. Rd2 Kf6 35. Rf2 h5 36. h4 Kf5 37. Kg1 Re1+ 0-1

[Event "Parsvnath Commonwealth ch 2010"]
[Site "Nueva Delhi IND"]
[Date "2010.05.11"]
[Round "3.28"]
[White "Nitin, S."]
[Black "Harihara Sudan, M."]
[Result "1-0"]
[WhiteElo "2363"]
[BlackElo "1989"]
[PlyCount "91"]
[EventDate "2010.05.10"]
[EventType "swiss"]
[EventRounds "11"]
[EventCountry "IND"]
[Source "lmi"]
[SourceDate "2010.05.10"]

1. e4 c5 2. Nf3 Nc6 3. d4 cxd4 4. Nxd4 Nf6 5. Nc3 e5 6. Ndb5 d6 7. Bg5 a6 8.
Na3 b5 9. Nd5 Be7 10. Bxf6 Bxf6 11. c4 b4 12. Nc2 a5 13. g3 O-O 14. Bg2 Be6 15.
O-O Rc8 16. b3 Bxd5 17. Qxd5 Qb6 18. Qd3 Nd4 19. Ne3 Bd8 20. Kh1 Qa7 21. Nd5
Bb6 22. f4 Rfe8 23. f5 f6 24. g4 Bd8 25. h4 h6 26. Bh3 Kf7 27. Kg2 Be7 28. g5
hxg5 29. hxg5 Rh8 30. g6+ Ke8 31. a3 Qb7 32. axb4 axb4 33. Ra4 Nc6 34. Rd1 Rh5
35. Bg4 Rh6 36. Rda1 Bd8 37. Qe3 Rh8 38. Ra7 Nxa7 39. Rxa7 Qb8 40. Rxg7 Rc6 41.
Rh7 Rg8 42. Bh5 Rc5 43. g7+ Kd7 44. Bf7 Be7 45. Be6+ Kc6 46. Nxe7+ 1-0

[Event "Parsvnath Commonwealth ch 2010"]
[Site "Nueva Delhi IND"]
[Date "2010.05.11"]
[Round "3.31"]
[White "Safarli, Eltaj"]
[Black "Gurpreet, Singh Maras"]
[Result "1-0"]
[WhiteElo "2610"]
[BlackElo "2227"]
[PlyCount "61"]
[EventDate "2010.05.10"]
[EventType "swiss"]
[EventRounds "11"]
[EventCountry "IND"]
[Source "lmi"]
[SourceDate "2010.05.10"]

1. e4 e6 2. d4 d5 3. exd5 exd5 4. c4 c6 5. Nc3 Nf6 6. Bd3 dxc4 7. Bxc4 Bd6 8.
Nge2 O-O 9. O-O Qc7 10. Ng3 Bg4 11. Qd3 Nbd7 12. h3 Bxg3 13. hxg4 Bh2+ 14. Kh1
Bf4 15. g5 Ne8 16. g3 Bxc1 17. Raxc1 Nd6 18. Bb3 Qa5 19. Qd2 Nb6 20. Kg2 Rad8
21. Rh1 Nf5 22. g6 hxg6 23. Qg5 Nd5 24. Rh3 f6 25. Qxg6 Nfe7 26. Qe4 Kf7 27.
Re1 Rd7 28. Rh5 Qb4 29. Qe6+ Ke8 30. Rxd5 cxd5 31. Ba4 1-0

[Event "Parsvnath Commonwealth ch 2010"]
[Site "Nueva Delhi IND"]
[Date "2010.05.11"]
[Round "3.34"]
[White "Iuldachev, Saidali"]
[Black "Bhagwat, Vinod"]
[Result "1-0"]
[WhiteElo "2511"]
[BlackElo "2214"]
[PlyCount "39"]
[EventDate "2010.05.10"]
[EventType "swiss"]
[EventRounds "11"]
[EventCountry "IND"]
[Source "lmi"]
[SourceDate "2010.05.10"]

1. e4 c6 2. d4 d5 3. exd5 cxd5 4. c4 Nf6 5. Nc3 g6 6. cxd5 Nxd5 7. Bc4 Nb6 8.
Bb3 Bg7 9. Nf3 O-O 10. O-O Nc6 11. d5 Na5 12. Re1 Bg4 13. h3 Bxf3 14. Qxf3 Nxb3
15. axb3 Qd7 16. Bg5 Rfe8 17. Rad1 Nc8 18. d6 Bxc3 19. dxe7 Bd4 20. Qf4 1-0

[Event "Parsvnath Commonwealth ch 2010"]
[Site "Nueva Delhi IND"]
[Date "2010.05.11"]
[Round "3.36"]
[White "Negi, V. S."]
[Black "Satyapragyan, Swayangsu"]
[Result "0-1"]
[WhiteElo "2086"]
[BlackElo "2463"]
[PlyCount "100"]
[EventDate "2010.05.10"]
[EventType "swiss"]
[EventRounds "11"]
[EventCountry "IND"]
[Source "lmi"]
[SourceDate "2010.05.10"]

1. e4 c5 2. Nf3 e6 3. d4 cxd4 4. Nxd4 Nf6 5. Nc3 d6 6. h3 Nc6 7. g4 h6 8. Bg2
Bd7 9. O-O a6 10. Re1 Be7 11. Nf3 Ne5 12. a4 Qc7 13. Nd4 g5 14. Qe2 Rc8 15. Nd1
Nh7 16. c3 Nf8 17. h4 Nfg6 18. h5 Nf4 19. Bxf4 gxf4 20. Bh3 Rg8 21. f3 Qc4 22.
Qxc4 Rxc4 23. Bg2 Rxa4 24. Rxa4 Bxa4 25. b3 Bd7 26. Nf2 Bf6 27. Rd1 Nc6 28. Ne2
Ke7 29. Nd3 e5 30. c4 Be6 31. Rc1 Rc8 32. b4 a5 33. bxa5 Nxa5 34. c5 dxc5 35.
Rxc5 Rxc5 36. Nxc5 Bc4 37. Bf1 Kd6 38. Na4 b5 39. Nb2 Bd8 40. Nc3 Kc5 41. Kf2
f6 42. Be2 Nc6 43. Bxc4 bxc4 44. Nd5 Kd4 45. Ke2 Na7 46. Na4 Nb5 47. Kd2 c3+
48. Kc2 Na3+ 49. Kc1 c2 50. Nac3 Kd3 0-1

[Event "Parsvnath Commonwealth ch 2010"]
[Site "Nueva Delhi IND"]
[Date "2010.05.11"]
[Round "3.37"]
[White "Murshed, Niaz"]
[Black "Nasir Ali, Syed"]
[Result "1-0"]
[WhiteElo "2426"]
[BlackElo "2135"]
[PlyCount "70"]
[EventDate "2010.05.10"]
[EventType "swiss"]
[EventRounds "11"]
[EventCountry "IND"]
[Source "lmi"]
[SourceDate "2010.05.10"]

1. e4 c5 2. Nf3 Nc6 3. d4 cxd4 4. Nxd4 Qc7 5. Nc3 e6 6. Be2 a6 7. Be3 Nf6 8.
O-O b5 9. Nxc6 dxc6 10. f4 e5 11. fxe5 Qxe5 12. Kh1 b4 13. Bd4 Qa5 14. e5 Nd5
15. Nxd5 Qxd5 16. Bf3 Qb5 17. c4 bxc3 18. Rc1 Be6 19. Rxc3 Bd5 20. a4 Qb7 21.
Bxd5 cxd5 22. Qc2 Qd7 23. e6 fxe6 24. Rc7 Qd6 25. Be5 Qb6 26. a5 Qb5 27. Qf2
Kd8 28. Qxf8+ Rxf8 29. Rxf8+ Qe8 30. Rxe8+ Kxe8 31. Rxg7 Rc8 32. Rg8+ Kd7 33.
Rxc8 Kxc8 34. g4 Kd7 35. g5 Kc6 1-0

[Event "Parsvnath Commonwealth ch 2010"]
[Site "Nueva Delhi IND"]
[Date "2010.05.11"]
[Round "3.39"]
[White "Shivananda, B.S."]
[Black "Patil, Pratik"]
[Result "1-0"]
[WhiteElo "2387"]
[BlackElo "2091"]
[PlyCount "59"]
[EventDate "2010.05.10"]
[EventType "swiss"]
[EventRounds "11"]
[EventCountry "IND"]
[Source "lmi"]
[SourceDate "2010.05.10"]

1. e4 c5 2. b4 cxb4 3. a3 bxa3 4. Nxa3 d6 5. d4 Nf6 6. Bd3 e6 7. Ne2 Be7 8. O-O
O-O 9. Ng3 h6 10. c3 e5 11. f4 Nc6 12. Nc2 Qb6 13. Kh1 Bg4 14. Qe1 a6 15. fxe5
dxe5 16. d5 Nb8 17. h3 Bd7 18. Ne3 Bc5 19. Nc4 Qd8 20. Nxe5 Re8 21. Bf4 Qe7 22.
Qd2 Bd6 23. Nc4 Bxf4 24. Qxf4 b5 25. Nd6 Rf8 26. e5 Ne8 27. Nxe8 Rxe8 28. e6
fxe6 29. Qe4 g5 30. Nh5 1-0

[Event "Parsvnath Commonwealth ch 2010"]
[Site "Nueva Delhi IND"]
[Date "2010.05.11"]
[Round "3.40"]
[White "Jitendria, VelS"]
[Black "Priyadharshan, K."]
[Result "0-1"]
[WhiteElo "2034"]
[BlackElo "2362"]
[PlyCount "86"]
[EventDate "2010.05.10"]
[EventType "swiss"]
[EventRounds "11"]
[EventCountry "IND"]
[Source "lmi"]
[SourceDate "2010.05.10"]

1. d4 Nf6 2. Nc3 d5 3. Bg5 Nbd7 4. Nf3 c6 5. Qd3 h6 6. Bd2 Qc7 7. e4 dxe4 8.
Nxe4 e6 9. h4 Nxe4 10. Qxe4 Nf6 11. Qd3 Bd6 12. g3 b6 13. Bg2 Bb7 14. O-O-O
O-O-O 15. Ne1 c5 16. Bxb7+ Qxb7 17. Rf1 cxd4 18. Qxd4 Qa6 19. Nd3 Qxa2 20. Bf4
Bc7 21. Qc3 Qa1+ 22. Kd2 Ne4+ 23. Ke3 Nxc3 24. Rxa1 Nd5+ 25. Kf3 Nxf4 26. Nxf4
Kb7 27. Nd3 Rd7 28. h5 Rc8 29. Rfe1 Bb8 30. Re2 Rd5 31. g4 Rc4 32. b3 Rc3 33.
Kg2 Rd4 34. f3 Rd8 35. Ra2 Bd6 36. Nf2 Be7 37. Nd3 Bf6 38. Nf2 Rc7 39. Nd3 Bc3
40. Kf1 Rd4 41. Re4 Rxe4 42. fxe4 a5 43. Ke2 b5 0-1

[Event "Parsvnath Commonwealth ch 2010"]
[Site "Nueva Delhi IND"]
[Date "2010.05.12"]
[Round "4.2"]
[White "Bocharov, Dmitry"]
[Black "Ashwin, Jayaram"]
[Result "1-0"]
[WhiteElo "2592"]
[BlackElo "2457"]
[PlyCount "133"]
[EventDate "2010.05.10"]
[EventType "swiss"]
[EventRounds "11"]
[EventCountry "IND"]
[Source "lmi"]
[SourceDate "2010.05.10"]

1. d4 Nf6 2. c4 g6 3. g3 c6 4. Bg2 d5 5. cxd5 cxd5 6. Nc3 Bg7 7. Nf3 O-O 8. Ne5
e6 9. O-O Nfd7 10. f4 Nc6 11. Be3 f6 12. Nd3 Nb6 13. Bf2 f5 14. Ne5 Bd7 15. e3
Qe7 16. g4 Be8 17. gxf5 gxf5 18. Kh1 Nc8 19. Rg1 Nd6 20. Qe1 Kh8 21. Bh4 Bf6
22. Bxf6+ Qxf6 23. Bf3 Ne4 24. Bxe4 dxe4 25. Rg5 Nxe5 26. dxe5 Qh6 27. Qe2 Qh4
28. Rag1 h6 29. R5g3 Bh5 30. Qf2 Qe7 31. h3 Qd7 32. Kh2 Rg8 33. Qg2 Rxg3 34.
Qxg3 Rc8 35. Qh4 Qf7 36. Rg2 a6 37. Ne2 Rc2 38. Nd4 Rxg2+ 39. Kxg2 Kh7 40. Kf2
Bf3 41. Qf6 Qg8 42. Nxf3 exf3 43. Kxf3 Qg1 44. Qf7+ Kh8 45. Qe8+ Kh7 46. Qd7+
Kh8 47. Qc8+ Kg7 48. Qxb7+ Kg6 49. Qxa6 Qh1+ 50. Kf2 Qh2+ 51. Ke1 Qg1+ 52. Kd2
Qg2+ 53. Kc3 Qd5 54. Qc4 Qa5+ 55. Kc2 Qb6 56. a4 Kh5 57. a5 Qxa5 58. Qxe6 Qa4+
59. Kc3 Qa5+ 60. b4 Qa1+ 61. Kc2 Qa4+ 62. Qb3 Qc6+ 63. Qc3 Qg2+ 64. Qd2 Qe4+
65. Qd3 Qc6+ 66. Kb3 Qe6+ 67. Qc4 1-0

[Event "Parsvnath Commonwealth ch 2010"]
[Site "Nueva Delhi IND"]
[Date "2010.05.12"]
[Round "4.3"]
[White "Maletin, Pavel"]
[Black "Debashis, Das"]
[Result "1-0"]
[WhiteElo "2584"]
[BlackElo "2400"]
[PlyCount "123"]
[EventDate "2010.05.10"]
[EventType "swiss"]
[EventRounds "11"]
[EventCountry "IND"]
[Source "lmi"]
[SourceDate "2010.05.10"]

1. d4 d5 2. c4 c6 3. Nf3 Nf6 4. Nc3 e6 5. Bg5 Nbd7 6. cxd5 exd5 7. e3 Be7 8.
Qc2 Nf8 9. Bd3 Ne6 10. Bh4 g6 11. O-O O-O 12. Rab1 Ng7 13. b4 a6 14. a4 Bf5 15.
b5 axb5 16. axb5 Bxd3 17. Qxd3 Nf5 18. Bxf6 Bxf6 19. bxc6 bxc6 20. Ne2 Qd7 21.
Rfc1 Nd6 22. Nd2 Rab8 23. Rxb8 Rxb8 24. Qc2 Be7 25. Nf4 Rb6 26. Nd3 f6 27. Qa4
Nb5 28. Qa8+ Kg7 29. Nb3 Qa7 30. Qxa7 Nxa7 31. Nbc5 Kf7 32. g4 Nc8 33. Ra1 Nd6
34. Ra7 Nb5 35. Ra8 Nc3 36. Rc8 Ne4 37. Rc7 Ng5 38. Kg2 Ne6 39. Nxe6 Kxe6 40.
Nf4+ Kf7 41. h4 Ra6 42. h5 g5 43. Ne2 Ke6 44. Ng3 h6 45. Nf5 Bf8 46. Rc8 Kf7
47. Kf3 Rb6 48. Rc7+ Kg8 49. Rc8 Kf7 50. e4 Rb3+ 51. Ne3 c5 52. Kg2 dxe4 53.
dxc5 Rc3 54. c6 Bc5 55. Nf5 Rc2 56. Nxh6+ Kg7 57. Nf5+ Kh7 58. Rc7+ Kh8 59. Kf1
Rxf2+ 60. Ke1 Rc2 61. Kd1 Rc4 62. Rb7 1-0

[Event "Parsvnath Commonwealth ch 2010"]
[Site "Nueva Delhi IND"]
[Date "2010.05.12"]
[Round "4.4"]
[White "Venkatesh, M.R."]
[Black "Gupta, Abhijeet"]
[Result "1/2-1/2"]
[WhiteElo "2452"]
[BlackElo "2570"]
[PlyCount "110"]
[EventDate "2010.05.10"]
[EventType "swiss"]
[EventRounds "11"]
[EventCountry "IND"]
[Source "lmi"]
[SourceDate "2010.05.10"]

1. e4 e5 2. Nf3 Nc6 3. Nc3 Nf6 4. g3 d5 5. exd5 Nxd5 6. Bg2 Nxc3 7. bxc3 Bd6 8.
O-O O-O 9. Rb1 Rb8 10. d4 Bg4 11. Qd3 Qd7 12. Ng5 Bf5 13. Be4 Bxe4 14. Qxe4 f5
15. Qd5+ Kh8 16. dxe5 Nxe5 17. Re1 Nf7 18. Ne6 Rfe8 19. Bf4 Re7 20. Nd4 Bxf4
21. Qxd7 Rxd7 22. Rxb7 Rg8 23. gxf4 g5 24. fxg5 Nxg5 25. Kf1 Ne4 26. Re3 a6 27.
h3 Rf7 28. Ra7 Rg6 29. Ra8+ Kg7 30. Nxf5+ Rxf5 31. Rxe4 Rgf6 32. Re2 Rf3 33.
Ra7 Rxc3 34. Re7+ Rf7 35. Rxf7+ Kxf7 36. Rxa6 Rxc2 37. a4 c5 38. Ke1 c4 39. Rc6
c3 40. a5 Ra2 41. Rxc3 Rxa5 42. Ke2 Kf6 43. Kf3 h5 44. Kg3 Kg5 45. h4+ Kf5 46.
Rc6 Ra3+ 47. f3 Ra1 48. Rh6 Rg1+ 49. Kf2 Ra1 50. Kg2 Kf4 51. Rf6+ Ke5 52. Rf8
Rb1 53. Kg3 Rg1+ 54. Kf2 Rh1 55. Kg3 Rg1+ 1/2-1/2

[Event "Parsvnath Commonwealth ch 2010"]
[Site "Nueva Delhi IND"]
[Date "2010.05.12"]
[Round "4.5"]
[White "Kravtsiv, Martyn"]
[Black "Rathnakaran, K."]
[Result "1-0"]
[WhiteElo "2546"]
[BlackElo "2397"]
[PlyCount "73"]
[EventDate "2010.05.10"]
[EventType "swiss"]
[EventRounds "11"]
[EventCountry "IND"]
[Source "lmi"]
[SourceDate "2010.05.10"]

1. e4 e6 2. d4 d5 3. Nd2 Nf6 4. e5 Nfd7 5. Bd3 c5 6. c3 Nc6 7. Ngf3 g6 8. O-O
Be7 9. Re1 O-O 10. dxc5 Nxc5 11. Nb3 Nxd3 12. Qxd3 f6 13. Bh6 Re8 14. exf6 Bxf6
15. Rad1 a5 16. a4 b6 17. Nbd4 Nxd4 18. cxd4 Bd7 19. b3 b5 20. axb5 Rb8 21. Ne5
Bxe5 22. Rxe5 Rxb5 23. Qg3 Qf6 24. h4 Reb8 25. Rd3 a4 26. bxa4 Rb1+ 27. Kh2
Bxa4 28. Rf3 Qe7 29. Qf4 Bd7 30. h5 R1b3 31. Rg5 e5 32. Rxb3 Rxb3 33. Rxe5 Qf7
34. Qg5 Rb8 35. Re7 Qf5 36. Rg7+ Kh8 37. Rxd7 1-0

[Event "Parsvnath Commonwealth ch 2010"]
[Site "Nueva Delhi IND"]
[Date "2010.05.12"]
[Round "4.9"]
[White "Shyam, Sundar M"]
[Black "Harika, Dronavalli"]
[Result "0-1"]
[WhiteElo "2372"]
[BlackElo "2491"]
[PlyCount "54"]
[EventDate "2010.05.10"]
[EventType "swiss"]
[EventRounds "11"]
[EventCountry "IND"]
[Source "lmi"]
[SourceDate "2010.05.10"]

1. e4 e5 2. Nf3 Nc6 3. Bb5 Nge7 4. Nc3 Ng6 5. O-O Bc5 6. d3 O-O 7. h3 Nd4 8.
Bc4 c6 9. a3 d6 10. Be3 b5 11. Ba2 Qf6 12. Nh2 Nf4 13. Kh1 Kh8 14. Rb1 Qg6 15.
Bxf4 exf4 16. Nf3 f5 17. Nxd4 Bxd4 18. exf5 Bxf5 19. Qf3 d5 20. Rbe1 Bxc3 21.
bxc3 Qd6 22. Bb3 Qxa3 23. Re5 a5 24. Qxf4 Bxd3 25. Qh4 Bxf1 26. Rh5 Bd3 27.
cxd3 Qc1+ 0-1

[Event "Parsvnath Commonwealth ch 2010"]
[Site "Nueva Delhi IND"]
[Date "2010.05.12"]
[Round "4.11"]
[White "Kathmale, Sameer"]
[Black "Safarli, Eltaj"]
[Result "0-1"]
[WhiteElo "2140"]
[BlackElo "2610"]
[PlyCount "78"]
[EventDate "2010.05.10"]
[EventType "swiss"]
[EventRounds "11"]
[EventCountry "IND"]
[Source "lmi"]
[SourceDate "2010.05.10"]

1. e4 c5 2. c3 d5 3. exd5 Qxd5 4. d4 Nf6 5. Nf3 e6 6. Na3 Nc6 7. Bd3 Qd8 8. Nc2
Be7 9. O-O O-O 10. Qe2 Qc7 11. dxc5 Bxc5 12. Bg5 Nd5 13. Rad1 h6 14. Bc1 Bd7
15. Qe4 f5 16. Qe2 Rae8 17. Rfe1 Nf6 18. b4 Bd6 19. Ba3 Nd5 20. Bb2 Nce7 21.
Bc4 Nf4 22. Qd2 Qxc4 23. Qxd6 Bc6 24. Ncd4 Neg6 25. Nxc6 bxc6 26. Bc1 Ne2+ 27.
Kh1 Nxc3 28. Rd4 Qxa2 29. Qg3 e5 30. Qxg6 Re6 31. Rd2 Rxg6 32. Rxa2 Nxa2 33.
Bd2 e4 34. Ne5 Rd6 35. Be3 Nxb4 36. Bc5 Rd5 37. Bxf8 Kxf8 38. Nc4 Nd3 39. Ra1
Nxf2+ 0-1

[Event "Parsvnath Commonwealth ch 2010"]
[Site "Nueva Delhi IND"]
[Date "2010.05.12"]
[Round "4.13"]
[White "Kokarev, Dmitry"]
[Black "Abhishek, Das"]
[Result "1-0"]
[WhiteElo "2612"]
[BlackElo "2331"]
[PlyCount "79"]
[EventDate "2010.05.10"]
[EventType "swiss"]
[EventRounds "11"]
[EventCountry "IND"]
[Source "lmi"]
[SourceDate "2010.05.10"]

1. e4 c5 2. Nf3 Nc6 3. d4 cxd4 4. Nxd4 Nf6 5. Nc3 e5 6. Ndb5 d6 7. Bg5 a6 8.
Na3 b5 9. Bxf6 gxf6 10. Nd5 Bg7 11. Bd3 Ne7 12. Nxe7 Qxe7 13. O-O O-O 14. c4 f5
15. Qf3 Re8 16. Rfe1 b4 17. Nc2 f4 18. Nxb4 Rb8 19. Nd5 Qg5 20. Be2 Re6 21. b3
Rh6 22. Qd3 Be6 23. Bf3 Kf8 24. b4 Qh4 25. Kf1 f5 26. h3 fxe4 27. Rxe4 Bf5 28.
a4 Qd8 29. a5 Qd7 30. Ra2 Re6 31. Bg4 Bxg4 32. hxg4 Rh6 33. Qf3 Rh1+ 34. Ke2
Qd8 35. Rd2 Rc1 36. Rd1 Rc2+ 37. Kf1 Qc8 38. Kg1 Rxc4 39. Nb6 Rxb6 40. Rxc4 1-0

[Event "Parsvnath Commonwealth ch 2010"]
[Site "Nueva Delhi IND"]
[Date "2010.05.12"]
[Round "4.14"]
[White "Priyadharshan, K."]
[Black "Lafuente, Pablo"]
[Result "1-0"]
[WhiteElo "2362"]
[BlackElo "2587"]
[PlyCount "65"]
[EventDate "2010.05.10"]
[EventType "swiss"]
[EventRounds "11"]
[EventCountry "IND"]
[Source "lmi"]
[SourceDate "2010.05.10"]

1. e4 c6 2. d4 d5 3. e5 Bf5 4. Nf3 e6 5. Be2 Nd7 6. O-O Ne7 7. Nh4 Be4 8. Nd2
c5 9. g3 Qb6 10. c3 Rd8 11. Qa4 Nc6 12. Nxe4 dxe4 13. Rd1 cxd4 14. cxd4 Qb4 15.
Qxb4 Bxb4 16. Be3 Nb6 17. Rac1 Nd5 18. Bb5 Rc8 19. Ng2 O-O 20. Bxc6 Rxc6 21.
Rxc6 bxc6 22. Rc1 Rc8 23. Rc4 Ba5 24. Nf4 Bb6 25. g4 Kf8 26. Ne2 Rc7 27. b4 f5
28. exf6 gxf6 29. Ng3 Rg7 30. Bh6 e3 31. Nh5 e2 32. Rc1 Nc3 33. Re1 1-0

[Event "Parsvnath Commonwealth ch 2010"]
[Site "Nueva Delhi IND"]
[Date "2010.05.12"]
[Round "4.16"]
[White "Padmini, Rout"]
[Black "Iuldachev, Saidali"]
[Result "0-1"]
[WhiteElo "2319"]
[BlackElo "2511"]
[PlyCount "76"]
[EventDate "2010.05.10"]
[EventType "swiss"]
[EventRounds "11"]
[EventCountry "IND"]
[Source "lmi"]
[SourceDate "2010.05.10"]

1. e4 e5 2. Nf3 Nc6 3. Bb5 a6 4. Ba4 Nf6 5. O-O Be7 6. Re1 b5 7. Bb3 d6 8. c3
O-O 9. h3 Na5 10. Bc2 c5 11. d4 Qc7 12. d5 Bd7 13. b3 Rfc8 14. Nbd2 c4 15. b4
Nb7 16. Rb1 a5 17. a3 axb4 18. axb4 g6 19. Nf1 Nh5 20. Ng3 Ng7 21. Bh6 f6 22.
Qd2 Ra2 23. Nh2 Nd8 24. Ng4 Nf7 25. Be3 Rca8 26. Nh6+ Nxh6 27. Bxh6 Bf8 28. f4
Qd8 29. Rf1 Nh5 30. Nxh5 Bxh6 31. Ng3 Bxf4 32. Rxf4 exf4 33. Ne2 Qe7 34. Nd4
Qe5 35. Re1 Qg5 36. Rf1 Qg3 37. Rxf4 Ra1+ 38. Rf1 Bxh3 0-1